| 000 | 00509nam a2200181 a 4500 | ||
|---|---|---|---|
| 001 | 15001 | ||
| 003 | CO-ViMGA | ||
| 008 | 141112s2004 ck r 000 u spa d | ||
| 040 |
_aCO-ViMGA _bspa _cCO-ViMGA |
||
| 082 | 0 | 4 | _aA860.4 O215 |
| 100 | 1 |
_aOcampo Villegas, Diego _921747 |
|
| 245 | 1 | 0 |
_aAnálisis literario;Amalia : _bJose Mármol |
| 260 |
_aBogotá, _cEsquilo, _c1999 |
||
| 300 | _a94.p. | ||
| 650 | 1 | 4 |
_aAMALIA - ANALISIS LITERARIO _921748 |
| 650 | 1 | 4 |
_aMARMOL, JOSE - BIOGRAFIA _921749 |
| 942 |
_2ddc _cBK |
||
| 999 |
_c25438 _d25438 |
||